| 000 | 01376cam a22003135a 4500 | ||
|---|---|---|---|
| 001 | L159552 | ||
| 008 | 130129s2017 xxk f 000 0 eng d | ||
| 020 | _a9781848064706 | ||
| 035 | _a(Sirsi) u159552 | ||
| 041 | 0 | _aeng | |
| 050 | 0 | 4 | _a693.82 $2 18 |
| 100 | 1 | _aLennon, Tom | |
| 245 | 0 | 0 | _aInstalling fire doors and doorsets |
| 260 |
_aWatford _bBRE _c2017 |
||
| 300 |
_a10p. _bill. _c30cm. |
||
| 490 | 0 |
_aBRE Good Building Guide _v(GG 86) |
|
| 520 | _aIt is designed to illustrate the importance of correctly installing fire doorsets and shutters to ensure the safety of building occupants and the protection of property in the event of a fire. Some key issues for the guidance of specifiers, manufacturers, contractors and approval authorities are identified, together with useful references to more comprehensive guidance documents. The importance of adequate testing, product quality, installation and maintenance is highlighted, along with the critical role of third-party certification schemes. | ||
| 521 | _aAdvanced | ||
| 590 | _aKA | ||
| 650 | 2 | 4 | _aFIRE PROTECTION |
| 650 | 2 | 4 | _aSTRUCTURAL STEEL |
| 651 | 4 | _aENGLAND AND WALES | |
| 690 | _aMANAGEMENT-HEALTH AND SAFETY-FIRE SAFETY-FIRE SAFETY ENGINEERING | ||
| 690 |
_aHealth and safety _96244 |
||
| 700 | 1 | _aStewart, Ian | |
| 700 | _aRussell, Andrew | ||
| 700 | 1 | _aCummings, Mark | |
| 942 | _n0 | ||
| 999 |
_c115992 _d115992 |
||